Mobilná aplikácia na podporu sociálne znevýhodnených osôb

Salvato in:
Dettagli Bibliografici
Autore principale: Kokol, Matej (Autore)
Altri autori: Jelemenská, Katarína (Relatore della tesi)
Natura: Manoscritto Libro
Lingua:slovacco
Pubblicazione: 2020
Soggetti:
Accesso online:http://is.stuba.sk/zp/portal_zp.pl?podrobnosti=131732
Tags: Aggiungi Tag
Nessun Tag, puoi essere il primo ad aggiungerne!!

MARC

LEADER 00000ntm a22000003a 4500
001 stuzp80499
003 SK-STU
005 20200620211605.4
007 ta
008 150427s2015----xo-----f-mn---000-0-slo-d
040 |a STU  |b slo 
041 0 |a slo 
100 1 |a Kokol, Matej  |u 070400  |4 aut  |U FIIT Fakulta informatiky a informačných technológií  |T FIIT Ústav počítačového inžinierstva a aplikovanej informatiky  |X 79601  |U I400  |Y 672  |7 79601 
242 0 1 |a Mobile application for the support of socally disadvantaged persons  |y eng 
245 1 0 |a Mobilná aplikácia na podporu sociálne znevýhodnených osôb 
260 |c 2020 
650 4 |a väzeň  |2 slo 
650 4 |a resocializácia  |2 slo 
650 4 |a aplikácia  |2 slo 
650 4 |a prisioner  |2 eng 
650 4 |a application  |2 eng 
650 4 |a resocialization  |2 eng 
700 1 |a Jelemenská, Katarína  |u 070400  |k Z1  |4 ths  |U FIIT Fakulta informatiky a informačných technológií  |T FIIT Ústav počítačového inžinierstva a aplikovanej informatiky  |X 1867  |U I400  |Y 672  |7 1867 
856 4 |u http://is.stuba.sk/zp/portal_zp.pl?podrobnosti=131732